000 00428cam a2200181ua 4500
020 _c3.50
041 _ahin
_h
082 _a891.54
_bKUS/SW
100 _aKusumkumari, Saha .
245 _aSwasthya vijnan /
_cKusumkumari Saha.
_hTextual Documents
250 _a1 /
_b.
260 _aDelhi :
_bRajkamal Prakash ,
_c1962.
300 _a240 ; .
365 _a3.50
504 _a
942 _cBK
999 _c6371
_d6371